|
|
|
|
| LEADER |
00000nam a22000007a 4500 |
| 005 |
20141020013741.0 |
| 007 |
cr|||| |||| |
| 008 |
141020s2006 ec |||||s|||| 00||0 spa d |
| 020 |
|
|
|a 978-9978-84-408-3
|
| 035 |
|
|
|a 12479
|
| 040 |
|
|
|a vLex
|
| 090 |
|
|
|c 5245
|d 5245
|
| 100 |
1 |
|
|a Martn̕ez Molina, Dunia
|
| 245 |
1 |
0 |
|a Derecho econm̤ico internacional
|h [Recurso electrn̤ico] /
|c Dunia Martn̕ez Molina
|
| 256 |
|
|
|a Servicio en ln̕ea
|
| 260 |
|
|
|a Quito:
|b Corporacin̤ Editoria Nacional,
|c 2006
|
| 300 |
|
|
|a 1 recurso electrn̤ico
|
| 500 |
|
|
|a ALCA, procesos de integracin̤, arbitraje comercial internacional, derecho de las nuevas tecnologa̕s, telecomunicaciones y comercio electrn̤ico.
|
| 506 |
1 |
|
|a Disponible solo en los productos indicados
|d vLex Global
|d vLex Global (Academic Edition, excluding Law Schools)
|d vLex Global (U.S. Academic Edition, Law Schools)
|d vLex Global (U.S. Academic Edition, excluding Law Schools)
|d vLex Global (Academic Edition, Law Schools)
|
| 650 |
0 |
4 |
|a Derecho Internacional
|z Ecuador
|
| 650 |
0 |
4 |
|a Economa̕ y negocios
|z Ecuador
|
| 740 |
0 |
|
|a vLex Libros (Servicio en ln̕ea)
|
| 856 |
4 |
0 |
|u http://vlex.com/source/derecho-economico-internacional-12479
|z Acceso restringido
|
| 942 |
|
|
|c BOOK
|
| 999 |
0 |
|
|a International Law
|
| 999 |
0 |
|
|a Business and Economy
|